Riikide lipud, mis algavad tähega L - Statistics

General Stats
  • This quiz has been taken 3 times
  • The average score is 6 of 12
Answer Stats
Picture Answer % Correct
Läti
100%
Laos
67%
Leedu
67%
Lõuna-Aafrika Vabariik
67%
Lõuna-Korea
67%
Luksemburg
67%
Lesotho
33%
Libeeria
33%
Liechtenstein
33%
Liibanon
33%
Liibüa
33%
Lõuna-Sudaan
33%
No matching quizzes found
Score Distribution
Percent of People with Each Score
Percentile by Number Answered
Your Score History
You have not taken this quiz